=LDR 00000nam 2200000 4500 =001 INLIS000000000057874 =005 20210607110443 =035 ##$$a 0010-0521000089 =007 ta =008 210607###########################0#ind## =020 ##$$a 978-979-119-348-1 =082 ##$$a 297.63 =084 ##$$a 297.63 AMU n =100 #$$a Amuli, jawadi =245 1#$$a Nabi saw dalm al-qurran /$c Jawadi amuli =250 ##$$a Cet. 1 =260 ##$$a Jakarta :$b Al-huda,$c 2009 =300 ##$$a 346 Hlm ; $c 12 x 25 cm =500 ##$$a Judul asli : Sire-ya rasul akram dar quran =600 #4$$a Al-Quran =990 ##$$a 3202100359